[Event "Florianopolis op 10th"]
[Site "Florianopolis"]
[Date "2024.01.23"]
[Round "5"]
[White "Guerrero, Alvaro"]
[Black "Kerr, Carter"]
[Result "1-0"]
[WhiteElo "1999"]
[BlackElo "1624"]
[PlyCount "61"]
[EventDate "2024.01.20"]
[EventType "swiss"]
[EventRounds "10"]
[EventCountry "BRA"]
[SourceTitle "CB05_2024"]
[SourceDate "2024.01.31"]
[SourceVersion "1"]
[SourceVersionDate "2024.01.31"]
[SourceQuality "1"]

1. d4 d5 2. Nf3 Nf6 3. Bg5 e6 4. e3 Be7 5. Bd3 0-0 6. c4 c6 7. Nc3 Nbd7 8. 0-0 h6 9. Bh4 b6 10. Rc1 Ba6 11. b3 c5 12. Re1 Rc8 13. Qe2 Ne4 14. Bxe7 Nxc3 15. Rxc3 Qxe7 16. Rec1 Nf6 17. Qc2 Rfd8 18. Rd1 Bb7 19. Qe2 Ne4 20. Rcc1 cxd4 21. exd4 Ng5 22. Ne5 dxc4 23. Bxc4 f6 24. Nf3 Qf7 25. h4 Nh7 26. d5 e5 27. Ba6 Re8 28. d6 Rcd8 29. Qd3 Bc8 30. Rxc8 Rxc8 31. d7 1-0

[Event "Maldonado IM 3rd"]
[Site "Maldonado"]
[Date "2023.12.09"]
[Round "9"]
[White "Guerrero, Alvaro"]
[Black "Villalba, Marcelo"]
[Result "1/2-1/2"]
[WhiteElo "2023"]
[BlackElo "2246"]
[PlyCount "70"]
[EventDate "2023.12.04"]
[EventType "tourn"]
[EventRounds "9"]
[EventCountry "URU"]
[EventCategory "1"]
[SourceTitle "CB50_2023"]
[SourceDate "2023.12.13"]
[SourceVersion "1"]
[SourceVersionDate "2023.12.13"]
[SourceQuality "1"]

1. e4 e5 2. d3 Nc6 3. Nf3 g6 4. g3 Bg7 5. Bg2 Nge7 6. 0-0 0-0 7. c3 d5 8. Qe2 h6 9. b4 a6 10. Bb2 Be6 11. Nbd2 Re8 12. a4 d4 13. Rfb1 b5 14. axb5 dxc3 15. Bxc3 axb5 16. Rxa8 Qxa8 17. Ra1 Qc8 18. Qe3 Qd7 19. Qc5 Qxd3 20. Bf1 Qd6 21. Bxb5 Rb8 22. Rb1 Qxc5 23. bxc5 Nd4 24. Nxd4 exd4 25. Ba5 c6 26. Bd3 Ra8 27. Ra1 Bf8 28. Nf3 Bg7 29. Bc3 Rd8 30. Bb2 f5 31. Ra7 Kf8 32. Kg2 fxe4 33. Bxe4 Bf5 34. Nd2 Bxe4+ 35. Nxe4 Nf5 1/2-1/2

[Event "URU-chT"]
[Site "Montevideo"]
[Date "2023.07.22"]
[Round "2.2"]
[White "Curi, Gabriel"]
[Black "Guerrero, Alvaro"]
[Result "1-0"]
[WhiteElo "2100"]
[BlackElo "2071"]
[PlyCount "57"]
[EventDate "2023.07.21"]
[EventType "team-tourn"]
[EventRounds "5"]
[EventCountry "URU"]
[SourceTitle "CBM 215 Extra"]
[Source "ChessBase"]
[SourceDate "2023.09.30"]
[SourceVersion "1"]
[SourceVersionDate "2023.09.30"]
[SourceQuality "1"]
[WhiteTeam "Trebejos II"]
[BlackTeam "Mijail Tal"]
[WhiteTeamCountry "URU"]
[BlackTeamCountry "URU"]

1. e4 c6 2. d4 d5 3. exd5 cxd5 4. c4 Nf6 5. Nc3 e6 6. Nf3 Bb4 7. cxd5 Nxd5 8. Bd2 0-0 9. Bd3 Nc6 10. 0-0 Nf6 11. Bg5 Be7 12. a3 a6 13. Bc2 Re8 14. Qd3 g6 15. Rad1 Qa5 16. Rfe1 Rd8 17. Qe3 Nd5 18. Nxd5 Bxg5 19. Nxg5 Rxd5 20. Nf3 Rd8 21. b4 Qh5 22. Qf4 Qd5 23. Ne5 f5 24. h4 Kg7 25. h5 Qd6 26. hxg6 hxg6 27. Qg5 Ne7 28. d5 exd5 29. Nc4 1-0

[Event "Punta del Este Barla Memorial 2nd"]
[Site "Punta del Este"]
[Date "2023.03.18"]
[Round "2"]
[White "Guerrero, Alvaro"]
[Black "Bentancurt, Juan"]
[Result "1-0"]
[WhiteElo "2039"]
[BlackElo "1674"]
[PlyCount "73"]
[EventDate "2023.03.17"]
[EventType "swiss"]
[EventRounds "5"]
[EventCountry "URU"]
[SourceTitle "EXT 2024"]
[Source "ChessBase"]
[SourceDate "2023.10.10"]
[SourceVersion "1"]
[SourceVersionDate "2023.10.10"]
[SourceQuality "1"]

1. e4 c5 2. d3 Nc6 3. g3 e6 4. Bg2 g6 5. Nf3 Bg7 6. 0-0 Nge7 7. c3 d6 8. d4 0-0 9. Na3 Rb8 10. Be3 cxd4 11. Nxd4 Nxd4 12. Bxd4 Nc6 13. Bxg7 Kxg7 14. Qd2 Qe7 15. Rad1 Rd8 16. c4 a6 17. Rfe1 b6 18. Nc2 Bb7 19. f4 Ba8 20. Qc3+ Kg8 21. Ne3 b5 22. b3 b4 23. Qb2 Na5 24. Ng4 h5 25. Nf6+ Kf8 26. Kh1 e5 27. Nd5 Bxd5 28. exd5 f6 29. c5 Nb7 30. cxd6 Qxd6 31. fxe5 fxe5 32. Rxe5 Nc5 33. Qe2 Rb7 34. Re1 Rdd7 35. Re8+ Kg7 36. Qb2+ Qf6 37. Rg8+ 1-0

[Event "Montevideo Duchamp Cup 6th"]
[Site "Montevideo"]
[Date "2023.02.09"]
[Round "7"]
[White "Guerrero, Alvaro"]
[Black "Ressia, Lorenzo"]
[Result "1-0"]
[WhiteElo "2057"]
[BlackElo "1792"]
[PlyCount "59"]
[EventDate "2023.02.03"]
[EventType "swiss"]
[EventRounds "9"]
[EventCountry "URU"]
[SourceTitle "CBM 212 Extra"]
[Source "ChessBase"]
[SourceDate "2023.03.31"]
[SourceVersion "1"]
[SourceVersionDate "2023.03.31"]
[SourceQuality "1"]

1. d4 Nf6 2. c4 e6 3. Nc3 Bb4 4. e3 0-0 5. Nf3 b6 6. Bd3 Bb7 7. Qc2 c5 8. a3 cxd4 9. axb4 dxc3 10. Qxc3 d5 11. b3 Qe7 12. Bb2 Nbd7 13. 0-0 Rfc8 14. Rfe1 Qf8 15. Nd2 Ne4 16. Nxe4 dxe4 17. Bc2 Nf6 18. b5 Qc5 19. Red1 Qg5 20. Rd2 a6 21. Qd4 Qc5 22. bxa6 Rxa6 23. Rxa6 Bxa6 24. Qd6 Qa5 25. Rd1 Qa2 26. Qd4 e5 27. Qxe5 Re8 28. Qd4 Qa5 29. Ra1 Qb4 30. Bc3 1-0

[Event "Montevideo Duchamp Cup 6th"]
[Site "Montevideo"]
[Date "2023.02.04"]
[Round "2"]
[White "Delgado Ramirez, Neuris"]
[Black "Guerrero, Alvaro"]
[Result "1-0"]
[WhiteElo "2561"]
[BlackElo "2057"]
[PlyCount "53"]
[EventDate "2023.02.03"]
[EventType "swiss"]
[EventRounds "9"]
[EventCountry "URU"]
[SourceTitle "CBM 212 Extra"]
[Source "ChessBase"]
[SourceDate "2023.03.31"]
[SourceVersion "1"]
[SourceVersionDate "2023.03.31"]
[SourceQuality "1"]

1. e4 c6 2. c4 g6 3. Nc3 Bg7 4. d4 d6 5. f4 h5 6. Be3 Nh6 7. Nf3 Nd7 8. h3 e6 9. Bf2 a6 10. e5 d5 11. cxd5 exd5 12. Bd3 Nf8 13. 0-0 Ne6 14. Ne2 Bf8 15. Rb1 Be7 16. b4 Nc7 17. a4 Bd7 18. Nc3 b5 19. Qc2 Kf8 20. Nd1 Kg7 21. Ne3 Qc8 22. Bh4 Bxh4 23. Nxh4 Qd8 24. Qf2 Ne6 25. f5 Nf8 26. Qg3 Rg8 27. fxg6 1-0

[Event "Florianopolis op 9th"]
[Site "Florianopolis"]
[Date "2023.01.27"]
[Round "7"]
[White "Umetsubo, Cesar Hidemitsu"]
[Black "Guerrero, Alvaro"]
[Result "1-0"]
[WhiteElo "2365"]
[BlackElo "2058"]
[PlyCount "85"]
[EventDate "2023.01.23"]
[EventType "swiss"]
[EventRounds "10"]
[EventCountry "BRA"]
[SourceTitle "CBM 212 Extra"]
[Source "ChessBase"]
[SourceDate "2023.03.31"]
[SourceVersion "1"]
[SourceVersionDate "2023.03.31"]
[SourceQuality "1"]

1. e4 c6 2. Nc3 d5 3. Nf3 dxe4 4. Nxe4 Bf5 5. Ng3 Bg4 6. Bc4 e6 7. h3 Bxf3 8. Qxf3 Nf6 9. 0-0 Be7 10. Rd1 0-0 11. d4 Nbd7 12. b3 Qc7 13. Bb2 Rfe8 14. Re1 a5 15. a3 b5 16. Bd3 b4 17. Ne4 Nd5 18. Nd2 bxa3 19. Bxa3 Bb4 20. Bxb4 axb4 21. Nc4 N7f6 22. Qg3 Qxg3 23. fxg3 Nd7 24. Be4 Rec8 25. Nb2 N7f6 26. Bd3 Nc3 27. Ba6 Rcb8 28. Nd3 Kf8 29. Ne5 Rb6 30. Bd3 Ra3 31. Nc4 Rxa1 32. Rxa1 Rb7 33. Ne5 g6 34. Nxc6 Nfd5 35. Kf2 Kg7 36. Kf3 h6 37. g4 Rc7 38. Ne5 Ne7 39. Ra6 Ned5 40. Bc4 Nf6 41. Nd3 Nce4 42. Ke3 Nc3 43. Nxb4 1-0

[Event "Rio Grande op 22nd"]
[Site "Rio Grande"]
[Date "2022.10.21"]
[Round "6"]
[White "Salinas Herrera, Pablo Patricio"]
[Black "Guerrero, Alvaro"]
[Result "1-0"]
[WhiteElo "2516"]
[BlackElo "2073"]
[PlyCount "87"]
[EventDate "2022.10.19"]
[EventType "swiss"]
[EventRounds "7"]
[EventCountry "ARG"]
[SourceTitle "EXT 2024"]
[Source "ChessBase"]
[SourceDate "2023.10.10"]
[SourceVersion "1"]
[SourceVersionDate "2023.10.10"]
[SourceQuality "1"]

1. e4 c6 2. Nf3 d5 3. Nc3 dxe4 4. Nxe4 Bf5 5. Ng3 Bg4 6. Bc4 e6 7. c3 Nf6 8. h3 Bxf3 9. Qxf3 Nbd7 10. d4 Qc7 11. 0-0 Bd6 12. Bb3 0-0 13. Re1 c5 14. dxc5 Nxc5 15. Bc2 Qc6 16. Qxc6 bxc6 17. Be3 Nd5 18. Bd4 Nf4 19. Rad1 Rfd8 20. c4 Rab8 21. Be3 e5 22. Rxd6 Rxd6 23. Bxc5 Rd2 24. Be4 Rdxb2 25. Bxa7 Ra8 26. Be3 Ne6 27. Bxc6 Raxa2 28. Bd5 Ra6 29. Rd1 Kf8 30. Bxe6 fxe6 31. Ne4 Rc2 32. Nc5 Ra5 33. Nxe6+ Ke7 34. Nxg7 Rxc4 35. g4 Kf6 36. Nf5 Rc6 37. Nd6 Kg6 38. Kg2 h5 39. Kg3 hxg4 40. hxg4 Raa6 41. Nf5 Rc7 42. Rd5 Re6 43. Nh4+ Kf7 44. Nf3 1-0

[Event "URU-ch sf"]
[Site "Montevideo"]
[Date "2022.02.27"]
[Round "3"]
[White "Guerrero, Alvaro"]
[Black "Coppola, Claudio"]
[Result "1-0"]
[WhiteElo "2123"]
[BlackElo "2285"]
[PlyCount "83"]
[EventDate "2022.02.26"]
[EventType "swiss"]
[EventRounds "7"]
[EventCountry "URU"]
[SourceTitle "CBM 207 Extra"]
[Source "ChessBase"]
[SourceDate "2022.05.31"]
[SourceVersion "1"]
[SourceVersionDate "2022.05.31"]
[SourceQuality "1"]

1. e4 e5 2. d3 Nf6 3. Nf3 Nc6 4. g3 Bc5 5. Bg2 d6 6. 0-0 0-0 7. Be3 Bb6 8. Nbd2 Re8 9. Nc4 d5 10. Nxb6 axb6 11. exd5 Nxd5 12. Bd2 f6 13. a3 Bg4 14. h3 Be6 15. Re1 Qd7 16. Kh2 Nde7 17. Bc3 Nf5 18. Re2 Rad8 19. Qh1 Ncd4 20. Nxd4 Nxd4 21. Bxd4 Qxd4 22. b3 c6 23. a4 Bd5 24. Rae1 Rf8 25. Qf1 Qc3 26. f4 Bxg2 27. Kxg2 Rd5 28. Qf2 Qb4 29. Re4 Qa5 30. R1e2 h6 31. Qe3 Re8 32. d4 f5 33. Rxe5 Red8 34. c4 Rxe5 35. fxe5 b5 36. axb5 cxb5 37. d5 bxc4 38. bxc4 Qa4 39. Qd3 Qb4 40. e6 g6 41. e7 Re8 42. d6 1-0

[Event "Florianopolis op 8th"]
[Site "Florianopolis"]
[Date "2022.01.28"]
[Round "7"]
[White "Guerrero, Alvaro"]
[Black "Rodi, Luis Ernesto"]
[Result "0-1"]
[WhiteElo "2123"]
[BlackElo "2347"]
[PlyCount "42"]
[EventDate "2022.01.24"]
[EventType "swiss"]
[EventRounds "10"]
[EventCountry "BRA"]
[SourceTitle "EXT 2023"]
[Source "ChessBase"]
[SourceDate "2022.10.05"]
[SourceVersion "1"]
[SourceVersionDate "2022.10.05"]
[SourceQuality "1"]

1. e4 e5 2. d3 Nc6 3. Nf3 Bc5 4. g3 d6 5. Bg2 Nge7 6. 0-0 0-0 7. Nc3 a6 8. Be3 Nd4 9. h3 f5 10. Bg5 c6 11. Kh2 h6 12. Bxe7 Qxe7 13. Nxd4 Bxd4 14. Qe2 f4 15. Bf3 Qg5 16. a4 Bd7 17. a5 Rf7 18. h4 Qf6 19. Kg2 Raf8 20. Na4 fxg3 21. fxg3 Qe6 0-1

[Event "Florianopolis op 8th"]
[Site "Florianopolis"]
[Date "2022.01.25"]
[Round "2"]
[White "Guerrero, Alvaro"]
[Black "Descarrega Zacarias, Vanessa"]
[Result "1-0"]
[WhiteElo "2123"]
[BlackElo "1828"]
[PlyCount "92"]
[EventDate "2022.01.24"]
[EventType "swiss"]
[EventRounds "10"]
[EventCountry "BRA"]
[SourceTitle "CBM 206 Extra"]
[Source "ChessBase"]
[SourceDate "2022.03.31"]
[SourceVersion "1"]
[SourceVersionDate "2022.03.31"]
[SourceQuality "1"]

1. e4 c5 2. d3 d6 3. g3 Nc6 4. Bg2 g6 5. Nf3 Bg7 6. 0-0 Nf6 7. c3 0-0 8. Re1 Qc7 9. h3 b5 10. d4 cxd4 11. Nxd4 Nxd4 12. cxd4 Bb7 13. a3 a5 14. Nc3 b4 15. Na4 d5 16. Bf4 Qd8 17. Nc5 Bc6 18. e5 Nd7 19. Rc1 Rc8 20. axb4 axb4 21. Qb3 e6 22. Qxb4 Rb8 23. Qc3 Nxc5 24. Qxc5 Bb5 25. Bd2 Bc4 26. Qa3 Rb3 27. Qa1 Qb6 28. Bc3 Rb8 29. Bf1 Bxf1 30. Rxf1 f6 31. exf6 Bxf6 32. Qa4 Qb7 33. Ra1 Qg7 34. Rfe1 R3b6 35. Re2 R8b7 36. Qe8+ Qf8 37. Rxe6 Qxe8 38. Rxe8+ Kf7 39. Re2 Rc6 40. Ra5 Re6 41. Kf1 Rxe2 42. Kxe2 Ke6 43. Ra6+ Ke7 44. Kd3 h5 45. Ra1 Ke6 46. Ra4 Ra7 1-0

[Event "Florianopolis op 8th"]
[Site "Florianopolis"]
[Date "2022.01.24"]
[Round "1"]
[White "Mayara Sibowicz, Giovanna"]
[Black "Guerrero, Alvaro"]
[Result "0-1"]
[WhiteElo "1589"]
[BlackElo "2123"]
[PlyCount "114"]
[EventDate "2022.01.24"]
[EventType "swiss"]
[EventRounds "10"]
[EventCountry "BRA"]
[SourceTitle "CBM 206 Extra"]
[Source "ChessBase"]
[SourceDate "2022.03.31"]
[SourceVersion "1"]
[SourceVersionDate "2022.03.31"]
[SourceQuality "1"]

1. e4 c6 2. d4 d5 3. exd5 cxd5 4. Be2 Nf6 5. Nf3 g6 6. c3 Bg7 7. Bb5+ Nbd7 8. Ne5 0-0 9. Nxd7 Bxd7 10. Bd3 b5 11. Na3 Qb6 12. Nc2 a5 13. a3 Rfe8 14. 0-0 Ne4 15. f3 Nd6 16. Kh1 Bf5 17. Bf4 Bxd3 18. Qxd3 e6 19. Bxd6 Qxd6 20. f4 Rab8 21. g3 Qc6 22. Rac1 Rec8 23. Qd2 Qb6 24. Rfe1 Rc7 25. Kg2 Bf8 26. b4 Ra8 27. Ne3 Rb7 28. Rc2 axb4 29. axb4 Ra3 30. Rec1 Qc6 31. Ng4 Bg7 32. Ne5 Bxe5 33. fxe5 Qc4 34. Kf2 Ra8 35. Qe2 Qc6 36. Qd2 Qe8 37. Qe2 Kg7 38. Kg2 h6 39. Rf1 Qc6 40. Qf3 Qe8 41. Qf2 Kh7 42. Qe2 Qc6 43. Rf3 Ra1 44. Rf1 Ra3 45. Rf3 Kg7 46. Qd3 Rb3 47. Rf1 Qe8 48. Qe2 Kg8 49. Rf3 Qc6 50. Qd2 Kh7 51. Rf1 Rc7 52. Rf3 Qc4 53. Qf2 Kg7 54. Qf1 Qxf1+ 55. Kxf1 Rxb4 56. Rd3 Rb3 57. Ke2 b4 0-1

[Event "Montevideo Magistral Integracion 1st"]
[Site "Montevideo"]
[Date "2021.12.11"]
[Round "9"]
[White "Carbone, Diego"]
[Black "Guerrero, Alvaro"]
[Result "0-1"]
[WhiteElo "2257"]
[BlackElo "2130"]
[PlyCount "112"]
[EventDate "2021.12.04"]
[EventType "tourn"]
[EventRounds "9"]
[EventCountry "URU"]
[EventCategory "3"]
[SourceTitle "CBM 205 Extra"]
[Source "ChessBase"]
[SourceDate "2022.01.31"]
[SourceVersion "1"]
[SourceVersionDate "2022.01.31"]
[SourceQuality "1"]

1. d4 Nf6 2. c4 e6 3. g3 Bb4+ 4. Bd2 Qe7 5. Nf3 Bxd2+ 6. Qxd2 d6 7. Nc3 0-0 8. Bg2 e5 9. 0-0 Re8 10. e4 Nbd7 11. Rfe1 c6 12. Rad1 Nb6 13. b3 Bg4 14. h3 Bxf3 15. Bxf3 Rad8 16. Bg2 Nfd7 17. d5 c5 18. f4 a6 19. Rf1 Rf8 20. Rde1 Na8 21. a4 Nc7 22. Nd1 Rb8 23. Ne3 Rfd8 24. Ra1 b6 25. b4 f6 26. b5 g6 27. Kh2 Kh8 28. Qd3 a5 29. Bf3 Re8 30. Rae1 Qg7 31. Bg4 Nf8 32. h4 exf4 33. Rxf4 h5 34. Bh3 Nh7 35. Ref1 Re7 36. g4 hxg4 37. Rxg4 Qh6 38. Rfg1 f5 39. Qc3+ Re5 40. Rxg6 Qf4+ 41. R6g3 Nf6 42. Bxf5 Nh5 43. Ng4 Nxg3 44. Rxg3 Ne8 45. Kg2 Ng7 46. Rf3 Rxf5 47. Rxf4 Rxf4 48. Nh6 Kh7 49. Qg3 Rbf8 50. Nf5 Nh5 51. Qe3 Rg8+ 52. Kh3 Rg6 53. Kh2 Rfg4 54. e5 Ng7 55. h5 R6g5 56. Nxg7 Rh4+ 0-1

[Event "Montevideo Trebejos op 10"]
[Site "Montevideo"]
[Date "2021.11.01"]
[Round "5"]
[White "Vazquez, Facundo"]
[Black "Guerrero, Alvaro"]
[Result "1-0"]
[WhiteElo "2153"]
[BlackElo "2105"]
[PlyCount "77"]
[EventDate "2021.10.15"]
[EventType "swiss"]
[EventRounds "6"]
[EventCountry "URU"]
[SourceTitle "EXT 2023"]
[Source "ChessBase"]
[SourceDate "2022.10.05"]
[SourceVersion "1"]
[SourceVersionDate "2022.10.05"]
[SourceQuality "1"]

1. d4 Nf6 2. c4 e6 3. Nf3 b6 4. g3 Bd6 5. Qa4 Be7 6. Bg2 0-0 7. Nc3 Bb7 8. 0-0 d6 9. Rd1 Nbd7 10. Qc2 c6 11. e4 Qc7 12. b3 Rfe8 13. Bb2 e5 14. Rd2 Rad8 15. Rad1 a6 16. h3 h6 17. c5 bxc5 18. dxe5 Nxe5 19. Nxe5 dxe5 20. Na4 Rxd2 21. Rxd2 Nd7 22. Ba3 c4 23. Bxe7 cxb3 24. axb3 Rxe7 25. Nc5 Bc8 26. Qc3 Qb6 27. Na4 Qc7 28. Nc5 a5 29. Ra2 Nxc5 30. Qxc5 Be6 31. Rxa5 Bxb3 32. Ra6 Re6 33. Ra8+ Kh7 34. Qf8 Qe7 35. Qh8+ Kg6 36. Rg8 Qf6 37. Bf3 Qxf3 38. Qxg7+ Kh5 39. Qg4+ 1-0

[Event "Montevideo Trebejos op 09"]
[Site "Montevideo"]
[Date "2021.09.12"]
[Round "4"]
[White "Avedisian, Alexander"]
[Black "Guerrero, Alvaro"]
[Result "0-1"]
[WhiteElo "1919"]
[BlackElo "2116"]
[PlyCount "84"]
[EventDate "2021.09.10"]
[EventType "swiss"]
[EventRounds "5"]
[EventCountry "URU"]
[SourceTitle "CBM 204 Extra"]
[Source "ChessBase"]
[SourceDate "2021.11.30"]
[SourceVersion "1"]
[SourceVersionDate "2021.11.30"]
[SourceQuality "1"]

1. Nf3 b6 2. g3 e6 3. Bg2 Bb7 4. 0-0 Be7 5. d3 Nf6 6. Nbd2 0-0 7. e4 d6 8. a4 a5 9. Nc4 Nfd7 10. Nd4 Nc6 11. Nxc6 Bxc6 12. Re1 e5 13. c3 Bb7 14. Ne3 Nc5 15. Nf5 Bf6 16. d4 Na6 17. Be3 Re8 18. d5 Bc8 19. Bh3 Bd7 20. Qg4 Kh8 21. Qf3 Rf8 22. Bf1 Nc5 23. Bb5 Bxb5 24. axb5 Nd7 25. b4 axb4 26. cxb4 g6 27. Nh6 Qe7 28. Ra6 Rac8 29. Rc1 Bg7 30. Ra7 f5 31. exf5 e4 32. Qd1 Ne5 33. g4 Nf3+ 34. Kg2 Qh4 35. h3 Bxh6 36. Bxh6 Qxh6 37. Raxc7 Rxc7 38. Rxc7 gxf5 39. Qa1+ Ne5 40. Re7 fxg4 41. hxg4 Qf6 42. f4 exf3+ 0-1

[Event "Montevideo Trebejos op 09"]
[Site "Montevideo"]
[Date "2021.09.12"]
[Round "5"]
[White "Guerrero, Alvaro"]
[Black "Castro, Cesar"]
[Result "0-1"]
[WhiteElo "2116"]
[BlackElo "2079"]
[PlyCount "40"]
[EventDate "2021.09.10"]
[EventType "swiss"]
[EventRounds "5"]
[EventCountry "URU"]
[SourceTitle "CBM 204 Extra"]
[Source "ChessBase"]
[SourceDate "2021.11.30"]
[SourceVersion "1"]
[SourceVersionDate "2021.11.30"]
[SourceQuality "1"]

1. e4 c5 2. d3 g6 3. Nf3 Bg7 4. g3 Nc6 5. Bg2 e5 6. 0-0 Nge7 7. c3 d6 8. a3 0-0 9. b4 a6 10. Nbd2 h6 11. Nb3 b6 12. Nfd2 Qc7 13. Bb2 Be6 14. Qe2 Rae8 15. Rac1 Qd7 16. Nc4 b5 17. Nb6 Qa7 18. Nd5 f5 19. bxc5 dxc5 20. c4 b4 0-1